000 00911nas a2200289 4500
001 BR2012002358
003 BR-BrBNA
005 20231205120357.0
007 ta
008 230509b bl.|||p| |||| 00| 00por d
040 _aBR-BrBNA
_bpor
_cBiblioteca Nacional de Agricultura
041 _a(Pt)
072 _aF03; J10
100 1 _aSilva, A. da
100 1 _aPerez, S.C.J.G. de A.
100 1 _aPaula, R.C. de
245 1 _aQualidade fisiológica de sementes de Psidium cattleianum Sabine acondicionadas e armazenadas em diferentes condições
650 _aARAÇÁ
650 _aSEMENTE
650 _aQUALIDADE
650 _aGERMINAÇÃO
650 _aARMAZENAMENTO
650 _aCONDUTIVIDADE ELÉTRICA
773 0 _tRevista Brasileira de Sementes (Brazil)
_xISSN 0101-3122
_g(Jun 2011), v. 33(2) p. 197-206
_wBR2012002358
909 _a202311
_bLúcia
_c55
_dLúcia Elande
942 _2AGRIS
_n0
_cANA
999 _c218204
_d218204